000 nam a22 7a 4500
999 _c7777
_d7777
003 OSt
005 20171009202904.0
008 171009b xxu||||| |||| 00| 0 eng d
040 _cTest
245 _aNational Geographic Magazine
_bDUBAI Can the Desert Metropolis Go Green?
260 _aNew Delhi
_c2017
942 _2ddc
_cMZ
_s1